000 00643nam a2200181Ia 4500
003 GCL
008 140319s9999 xx 000 0 ara d
040 _aGCL /
_cGCL
082 0 4 _aم
_b928.1
_bم د
100 1 _aمحب الدين الخطيب
245 1 0 _aصفحات من تاريخ النهضة العربية فى اوائل القرن العشرين /
_cمحب الدين الخطيب
300 _a216 ص
650 0 4 _aالسياسة - تاريخ
650 0 4 _aالامبراطورية العثمانية - تاريخ
650 0 4 _aالسياسيون العرب
650 0 4 _aصلاج الدين القاسمى
942 _2ddc
_cREF
999 _c59661
_d59661